Beatstar Deluxe Difficulties #5 - Statistics

General Stats
  • This quiz has been taken 11 times
  • The average score is 14 of 15
Answer Stats
Hint Extra Hint Answer % Correct
Murder on the Dancefloor Sophie Ellis-Bextor Hard
100%
9 to 5 Dolly Parton Hard
100%
Don't Call Me Up Mabel Hard
100%
(Don't Fear) The Reaper Blue Öyster Cult Hard
100%
Last Resort Papa Roach Extreme
90%
U Can't Touch This MC Hammer Extreme
90%
The Kids Aren't Alright The Offspring Extreme
90%
Walk Pantera Extreme
90%
Sugar, We're Goin Down Fall Out Boy Hard
90%
Late Night Talking Harry Styles Hard
90%
Feel It Still Portugal. The Man Hard
90%
Roses OutKast Hard
90%
Eye of the Tiger Survivor Hard
90%
Wake Me Up Avicii Hard
80%
Heart of Glass Blondie Hard
80%
No matching quizzes found
Score Distribution
Percent of People with Each Score
Percentile by Number Answered
Your Score History
You have not taken this quiz